| 000 | 00360nam a2200145 i 4500 | ||
|---|---|---|---|
| 001 | bg | ||
| 100 | 1 | _aKORNBERGER, Z. | |
| 245 | 0 |
_aTechnologia obróbki skrawaniem i montażu / _cZ. Kornberger. |
|
| 250 | _aWyd.4 przerob. i uakt. | ||
| 260 |
_aWarszawa, _c1974. |
||
| 040 | _cBPK | ||
| 041 | _apol | ||
| 942 | _cKS | ||
| 008 | s pl f |000 0 pol | ||
| 999 |
_c6103 _d6103 |
||
| 856 |
_uhttp://koha.tu.koszalin.pl/cgi-bin/koha/opac-detail.pl?biblionumber=6103 _yKatalog online BPK |
||